| 000 | 00959nam0a22002651 4500 | ||
|---|---|---|---|
| 001 | rc\2691433 | ||
| 005 | 20250623162731.0 | ||
| 035 | _a(NLR Aleph) 006819686 | ||
| 090 |
_a6430104 _c6430104 |
||
| 100 | _a20110915d1933 |||y0rusy50 ca | ||
| 101 | 0 | _arus | |
| 102 | _aRU | ||
| 105 | _aabe z ||||| | ||
| 200 | 1 |
_aЭфиры азотной кислоты _fБ. А. Парфенов _gАртил. акад. РККА |
|
| 210 |
_aЛенинград _cАртил. акад. РККА _d1933 _gЛОЦТ им. К. Ворошилова |
||
| 215 |
_aПереплет, тит. л., 164, III с., 3 вкл. л. табл., карт. _d26x18 см. |
||
| 300 | _aЛитогр. изд. | ||
| 320 | _aБиблиогр.: "Литература" (с. 163-64) | ||
| 700 | 1 |
_aПарфенов _bБ.А. _f1898- _gБорис Алексеевич |
|
| 801 | 0 |
_aRU _bNLR _gpsbo |
|
| 801 | 1 |
_aRU _bELAR _2rusmarc |
|
| 852 |
_aNLR _j33-5/571 |
||
| 942 | _cBOOK | ||
| 980 | _aNB | ||